000 00259nam a22001217a 4500
008 171003b xxu||||| |||| 00| 0 eng d
041 _aeng
080 _a159.9
100 _a48
101 _aPSI
245 _aTHE PRIMAL WOUND
_cVERRIER,N,N
942 _2udc
_cBK
999 _c31424
_d31424